| 000 | 01112nam a22002295i 4500 | ||
|---|---|---|---|
| 001 | 157249 | ||
| 003 | ES-MaACL | ||
| 005 | 20250826150932.0 | ||
| 008 | 040817s1842 sp |||| | spa d | ||
| 040 |
_aCAM _bspa _cCAM |
||
| 080 | _a821.133.1-23"18" | ||
| 100 | 1 |
_aLaurencin, _cMonsieur, _d1808-1890 _9149487 |
|
| 245 | 1 | 3 |
_aUn casamiento provisional _b: comedia en un acto / _cescrita en francés por Mr. Laurencin ; (traducción de J. de la C. Tirado). |
| 260 |
_aMadrid : _b[s.n., _c1842?] ( _fImp. de F. Suárez) |
||
| 300 |
_a18 p. ; _c26 cm. |
||
| 490 | 1 |
_aMuseo dramático, colección de comedias del teatro estrangero [sic] representadas en los principales de la corte ; _v1 |
|
| 500 | _aRepresentada por primera vez en Madrid, en el teatro de la Cruz el día 12 de julio de 1842. | ||
| 700 | 1 |
_aTirado, Juan de la Cruz, _dn. 1812 _9133264 |
|
| 830 | 0 | 0 |
_aMuseo dramático ó Colección de comedias del teatro estranjero representadas en los principales teatros de la corte _v1 _9242030 |
| 852 |
_aES-MaACL _jF-7488(7) _z-- Enc. hol. en un vol. facticio |
||
| 999 |
_c157249 _d157249 |
||